Cultura e potere: il lavoro intellettuale nel mondo romano

Saved in:
Bibliografiske detaljer
Hovedforfatter: Coppola Bisazza, Giovanna (Author)
Format: Bog
Sprog:italiensk
Udgivet: Milán Giuffrè 1994
Serier:Pubblicazioni della Facoltà di Giurisprudenza della Università di Messina, 183
Fag:
Tags: Tilføj Tag
Ingen Tags, Vær først til at tagge denne postø!

MARC

LEADER 00000nam a2200000 a 4500
001 UCO5175
003 CL-VaPUC
008 000825e19940000IT |||||||||||||||||ita|d
082 0 4 |a 340.54  |b COP  |2 21 
100 0 |a Coppola Bisazza, Giovanna  |e author  |9 449942 
245 1 0 |a Cultura e potere: il lavoro intellettuale nel mondo romano 
300 |a 610 p 
942 |c BK 
945 |d 20000825 00:00:00  |a cmena 
260 |a Milán  |b Giuffrè  |c 1994 
650 0 |a Derecho romano  |9 255930 
650 7 |a CULTURA ROMANA  |2 CL-VaPUC  |9 344826 
650 7 |a PODER  |2 CL-VaPUC  |9 449943 
583 |a last modification  |c 20000825 00:00:00  |k Rodrigo Vera 
490 0 |a Pubblicazioni della Facoltà di Giurisprudenza della Università di Messina, 183 
999 |c 291124  |d 291122 
952 |0 0  |1 0  |4 0  |6 340_540000000000000_COP_1994  |7 0  |8 DER_ROM  |9 340816  |a BIBDER  |b BIBDER  |d 2019-11-20  |i 3582620  |l 1  |o 340.54 COP 1994  |p 3582620  |r 2023-01-25  |s 2020-03-19  |w 2019-11-20  |x Ubicación 4to piso  |y BK  |z Este recurso debe solicitarse con anticipación  |k DER